Lessons from the best and worst student team experiences: how a teacher can make the difference (Record no. 43417)

000 -LEADER
fixed length control field 00542pab a2200193 454500
008 - FIXED-LENGTH DATA ELEMENTS--GENERAL INFORMATION
fixed length control field 180718b1999 xxu||||| |||| 00| 0 eng d
100 ## - MAIN ENTRY--PERSONAL NAME
Personal name Bacon, Donald R.
245 ## - TITLE STATEMENT
Title Lessons from the best and worst student team experiences: how a teacher can make the difference
260 ## - PUBLICATION, DISTRIBUTION, ETC.
Date of publication, distribution, etc. 1999
300 ## - PHYSICAL DESCRIPTION
Extent p.467-88
362 ## - DATES OF PUBLICATION AND/OR SEQUENTIAL DESIGNATION
Dates of publication and/or sequential designation Oct
650 ## - SUBJECT ADDED ENTRY--TOPICAL TERM
Topical term or geographic name entry element Students
650 ## - SUBJECT ADDED ENTRY--TOPICAL TERM
Topical term or geographic name entry element Teachers
650 ## - SUBJECT ADDED ENTRY--TOPICAL TERM
Topical term or geographic name entry element Management education
700 ## - ADDED ENTRY--PERSONAL NAME
Personal name Silver, William S.
700 ## - ADDED ENTRY--PERSONAL NAME
Personal name Stewart, Kim A.
773 ## - HOST ITEM ENTRY
Main entry heading Journal of Management Education
909 ## -
-- 43417
Holdings
Withdrawn status Lost status Damaged status Not for loan Permanent Location Current Location Date acquired Serial Enumeration / chronology Barcode Date last seen Price effective from Koha item type
        Indian Institute of Public Administration Indian Institute of Public Administration 2018-07-19 Volume no: 23, Issue no: 5 AR43808 2018-07-19 2018-07-19 Articles

Powered by Koha